| 000 | 00426nam a2200169 a 4500 | ||
|---|---|---|---|
| 003 | DLC | ||
| 005 | 20210219152805.0 | ||
| 008 | 991125n gin 000 0 spa u | ||
| 035 | _aUPN01000061321 | ||
| 245 | 0 | 0 | _aBRITISH NATIONAL BIBLIOGRAPHY |
| 260 | _aInglaterra | ||
| 260 | _aBritish Library National Bibliographic Service | ||
| 310 | _aSemanal | ||
| 904 |
_aAC _b002053 |
||
| 905 | _aRevista | ||
| 999 |
_c60905 _d60905 |
||